| 000 | 00968cam a2200277 a 4500 | ||
|---|---|---|---|
| 999 |
_c44353 _d44353 |
||
| 001 | 2146726 | ||
| 005 | 20181018135000.0 | ||
| 008 | 971014s1997 nyua bc 001 0 eng d | ||
| 010 | _a 98108729 | ||
| 020 | _a0670872520 | ||
| 035 | _a(OCoLC)37780954 | ||
| 040 |
_aWaS _cWaS _dDLC |
||
| 042 | _alccopycat | ||
| 100 | 1 | _aDiFate, Vincent. | |
| 245 | 1 | 0 |
_aInfinite worlds : _bthe fantastic visions of science fiction art / _cby Vincent DiFate ; foreword by Ray Bradbury. |
| 260 |
_aNew York : _bPenguin Studio : _bWonderland Press, _cc1997. |
||
| 300 |
_a320 p. : _bill. (some col.) ; _c31 cm. |
||
| 336 | _atext | ||
| 337 | _aunmediated | ||
| 338 | _avolume | ||
| 500 | _aIllustrations on lining papers. | ||
| 504 | _aIncludes bibliographical references and index. | ||
| 650 | 0 |
_aScience fiction _xIllustrations _xCatalogs. |
|
| 856 | 4 | 2 |
_3Contributor biographical information _uhttp://www.loc.gov/catdir/enhancements/fy1405/98108729-b.html |
| 942 |
_2lcc _cBK |
||